Most Populous Australian Cities as a Percent of Their State - Statistics

General Stats
  • This quiz has been taken 31 times
  • The average score is 12 of 15
Answer Stats
% State City % Correct
75.1 VIC Melbourne
100%
60.6 NSW Sydney
100%
77.2 SA Adelaide
96%
48.2 QLD Brisbane
96%
99.5 ACT Canberra
96%
54.3 NT Darwin
96%
79.7 WA Perth
96%
40.6 TAS Hobart
93%
13.4 QLD Gold Coast
82%
6.3 NSW Newcastle
82%
7.5 QLD Sunshine Coast
71%
11.6 NT Alice Springs
68%
16.2 TAS Launceston
64%
5.7 TAS Devonport
46%
5.0 TAS Burnie
36%
No matching quizzes found
Score Distribution
Percent of People with Each Score
Percentile by Number Answered
Your Score History
You have not taken this quiz